00667nam a2200181 a 450000100100000000500170001000800410002704000250006808200150009310000260010824500810013426001490021530000260036450000420039050400270043204900090045999900170046800002545020200930023810.0110216s1978 ve r 000 0 spa d aDO-SdBNPbspacBNPHU aNNNbM778e1 aMontero, Nancy95206310aEsterotipos sexuales, matrimonio, divorcio y salud mental /cMontero, Nancy. aCaracas, [Venezuela] :bEdiciones de la Facultad de Humanidades y Educación, Escuela de Psicología, Universidad Central de Venezuela,c1978. a162, [2] p. ;c23 cm. aIncluye notas al pie de las páginas aIncluye bibliografía aBNGR c24942d24942